00346 a2200133 450000100060000002000240000604000220003010000230005224000350007524500300011030000110014036200090015165000520016063865 a853260093X (broch.) cAnchieta - Pituba aCandau, Vera Maria10aA didática em questãolpor10aA didática em questão a128p. 0 a2003 4aEducação, pesquisa e tópicos relacionados